00523nam a2200157Ia 4500008004100000020001800041082001700059100001800076245013800094250000800232260003400240300003000274500001900304600002700323650001500350240925s9999 xx 000 0 und d a9789694073873 a621.3822 HAS aHasnain , S.K 0aDigital Signal Processing: computer laboratory practical work book using DSP toolbox & blocksets in Matlab including TI TMS C6713 DSK a3rd aKarachi:bRoyal Booksc,2011. axii,899l.p.bN.AfPirated aIncludes Index aElectronic Engineering aTechnology